000 00766nam a2200205 a 4500
003 0
005 20250619100126.0
008 021128s19uu xx 00 eng d
050 _aPGS HE 566.S4
_b.C834 2000
100 _aCosina, Jaizalynn R.
245 _aA study on the problems and difficult of Filipino seamen /
_cJaizalynn R. Cosina.
260 _aLas PiƱas City, Philippines :
_bSouthville International School and Colleges,
_c2000.
300 _a32 pages :
_bcolored illustrations ;
_c28 cm.
504 _aIncludes bibliographical references.
650 _aSeafarers
_zPhilippines.
650 _aSeafarers
_zPhilippines
_vSocial conditions.
650 _aSeafarers
_zPhilippines
_vAttitudes.
650 _aWork environment
_zPhilippines.
942 _2lcc
_cPASS
999 _c96408
_d96408